|
|
|
|
| LEADER |
00000cam a2200000 7i4500 |
| 001 |
0000000687 |
| 005 |
20000922.0 |
| 020 |
0 |
0 |
|a 9679423700
|
| 090 |
0 |
0 |
|a 338.4791
|b TOU 1997
|
| 245 |
0 |
0 |
|a TOURISM and cultural development in Asia and Oceania
|c edited by Shinji Yamashita, Kadir H.Din, J.S.Eades
|
| 260 |
0 |
0 |
|a Bangi, Selangor :
|b Penerbit UKM ,
|c 1997
|
| 300 |
|
|
|a 244 p. ;
|c 23 cm.
|
| 500 |
0 |
0 |
|a Bibliography: [p.213-227] and index
|
| 650 |
0 |
0 |
|a Tourist trade
|z Asia
|x Congresses
|
| 650 |
0 |
0 |
|a Tourist trade
|z Oceania
|x Congresses
|
| 700 |
0 |
1 |
|a Eades
|h J.S.
|
| 700 |
0 |
1 |
|a Kadir H. Din
|
| 700 |
0 |
1 |
|a Yamashita
|h Shinji
|
| 999 |
|
|
|a 0000001778
|b Monograph
|c Open Shelf
|e Default branch
|